| 000 | 00352nam a2200133Ia 4500 | ||
|---|---|---|---|
| 008 | 210210b1956 xxu||||| |||| 00| 0 eng d | ||
| 082 | _a070/24 | ||
| 100 | _aPHILIP (C T). | ||
| 245 | _aChoosing a career. | ||
| 260 |
_aLondon _bGeoffrey Cumberlege Oxford University Press _c1956 |
||
| 300 | _axi,146 | ||
| 690 | _aCareer & Counselling | ||
| 906 | _a000542 | ||
| 999 |
_c77057 _d77057 |
||